|
|
|
|
| LEADER |
00000nam2a2200000 4500 |
| 001 |
195649 |
| 005 |
20231031182900.0 |
| 010 |
|
|
|a 5110016615
|
| 035 |
|
|
|a (RuTPU)RU\TPU\book\213461
|
| 090 |
|
|
|a 195649
|
| 100 |
|
|
|a 20110513d1990 k y0rusy50 ca
|
| 101 |
0 |
|
|a rus
|
| 102 |
|
|
|a RU
|
| 105 |
|
|
|a a z 001zy
|
| 200 |
0 |
|
|a Вып. 83: Критический анализ немарксистских теорий в общественных науках
|
| 210 |
|
|
|d 1990
|
| 215 |
|
|
|a 117 с.
|c ил.
|
| 320 |
|
|
|a Библиогр. в конце ст.
|
| 461 |
|
1 |
|0 (RuTPU)RU\TPU\book\165454
|t Вопросы общественных наук
|o республиканский межведомственный научный сборник
|f Институт повышения квалификации преподавателей общественных наук при Киевском государственном университете им. Т. Г. Шевченко
|v Вып. 83: Критический анализ немарксистских теорий в общественных науках
|d 1970-1992
|
| 610 |
1 |
|
|a идеологическая работа
|
| 610 |
1 |
|
|a международные отношения
|
| 610 |
1 |
|
|a перестройка
|
| 610 |
1 |
|
|a политические системы
|
| 610 |
1 |
|
|a национальные отношения
|
| 610 |
1 |
|
|a духовная жизнь
|
| 686 |
|
|
|a С
|v LBC/SL-A
|2 rubbk
|
| 686 |
|
|
|a Ю3(0)6-63в03
|v LBC/SL-A
|2 rubbk
|
| 702 |
|
1 |
|a Королев
|b Б. И.
|4 340
|
| 801 |
|
1 |
|a RU
|b 63413507
|c 20110513
|
| 801 |
|
2 |
|a RU
|b 63413507
|c 20120924
|g RCR
|
| 942 |
|
|
|c BK
|